| 000 | 01874cam a22002413a 4500 | ||
|---|---|---|---|
| 001 | 1599 | ||
| 003 | PGUSA | ||
| 005 | 20140828083003.0 | ||
| 008 | 990101s1999||||xxu|||||s|||||000 | eng d | ||
| 040 |
_aPGUSA _beng |
||
| 042 | _adc | ||
| 050 | 4 | _aPZ | |
| 245 | 1 | 0 |
_aCinderella; Or, The Little Glass Slipper, and other stories _h[electronic resource] / _cAnonymous |
| 260 |
_bProject Gutenberg, _c1999 |
||
| 505 | 0 | _aCinderella; or the little glass slipper -- Fanny's telephone order -- The raindrops' new dresses -- Sir Gobble -- What is it? -- John's bright idea -- A sad Thanksgiving party -- Guy and the bee -- A mean boy -- A naughty pumpkin's fate -- Something about fires -- The ice-king's reign -- Malmo, the wounded rat -- Mama's happy Christmas -- Cured of carelessness -- A visit from a prince -- Stringing cranberries -- Christmas in California -- A troublesome call -- Bertie's corn-popper -- Fire! Fire!! Fire!!! -- The dolls and the other dolls -- Why did Mamma change her mind? -- Clara's "funeral" -- The chickadee-dee -- The children's party -- Brave Tomasso -- Tommy Frost sees a bear -- Myself -- Two strange sights -- A cat's instincts -- Dinah's New Year's present -- Night flowers -- The first snow-storm -- Fred's stolen ride -- A Valentine party -- The venturesome rat -- The bears' feast -- Patty-sayings -- Babie's curls -- The red apples -- Bubbles -- A horse who wore snow shoes -- The angry bobolink -- How Hiram spent his shrimp money -- The ant's house -- The foolish pug -- The silhouette party -- The snow birds -- A kind heart -- Towser talks -- Just as she pleased -- The working tools of insects. | |
| 506 | _aPublic domain in the USA. | ||
| 516 | _aElectronic text | ||
| 653 | _aFairy tales | ||
| 653 | _aChildren's stories | ||
| 830 | 0 |
_aProject Gutenberg _v1599 |
|
| 856 | 4 | 0 | _uhttp://www.gutenberg.org/ebooks/1599 |
| 942 | _cEB | ||
| 999 |
_c230947 _d230947 |
||